=LDR 00000nam 2200000 4500 =001 INLIS000000000054243 =005 20200108121836 =035 ##$$a 0010-0120000021 =007 ta =008 200108###########################0#ind## =020 ##$$a 978-602-584-934-3 =082 ##$$a 959.822 =084 ##$$a 959.822 RID f =100 #$$a Ridwan Saidi =245 1#$$a Facta Documenta Jakarta : $b bukti kedatangan bangsa kaukasus di jakarta abad 10 m /$c Ridwan Saidi =260 ##$$a Jakarta :$b Buku Pintar Indonesia,$c 2018 =300 ##$$a 209 hlm. : $b ilus. ; $c 23 Cm. =650 ##$$a Jakarta-Sejarah =700 #$$a Editor, Mehdy Zidane =990 ##$$a 00810081 =990 ##$$a 21900593 =990 ##$$a 00820082 =990 ##$$a 00820082 =990 ##$$a 00820082 =990 ##$$a 21900594 =990 ##$$a 21900593 =990 ##$$a 1202000083 =990 ##$$a 1202000084 =990 ##$$a 21900595 =990 ##$$a 21900593 =990 ##$$a 21900594 =990 ##$$a 1202000084 =990 ##$$a 21900596 =990 ##$$a 21900593 =990 ##$$a 21900594 =990 ##$$a 21900595